000 00662nam a2200229Ia 4500
003 OSt
005 20221007065400.0
006 a|||||r|||| 00| 0
007 ta
008 221006b |||||||| |||| 00| 0 eng d
024 _a27,165
037 _cReports / Technical Reports
040 _aFLL
_cFLL
_beng
041 _2eng
_aeng
082 _aZ5b, K8
100 _aDonner Andre M.
_9686918
245 0 _aRole of the lawyer in the European communities
260 _aEdinburgh
_bUniversity Press Edinburgh
_c1966
300 _axvi,1-89p
_ccm.
942 _hZ5b, K8
_cREP
_2CC
999 _c1137153
_d1137153